000
00464nam a2200145Ia 4500
008
151213s9999 xx 000 0 und d
100
_a
সৈয়দ শাহ আলম
245
_a
নীলাভ্র শান্তির
_c
সৈয়দ শাহ আলম
260
_a
ঢাকা
_b
পালোমা
_c
2008
300
_a
7176 p.
650
_a
Bangla
650
_a
Bangla Literature
700
_a
সৈয়দ শাহ আলম
999
_c
3815
_d
3815